000 01611nam2a2200301 4500
001 rc\3021500
005 20260406001234.0
035 _a(NLR Aleph) 007163394
090 _a7272102
_c7272102
100 _a20110927d1936 |||y0rusy50 ca
101 0 _arus
102 _aRU
105 _ay z |||||
200 1 _aАграрный вопрос и крестьянское движение 50-70-х годов XIX в.
_f[сост., примеч.: И. Л. Морозов
_gред. акад. В. П. Волгин]
210 _d1936
_aБ. м.
215 _aLXXIX, 512 с.
225 1 _a...
_hт. 16
_i...
_vвып. 6
320 _aБиблиогр. в примеч.: с. 437-481 и в подстроч. примеч.
320 _aУказ. личных имен: с. 487-512
461 0 _1001rc\3021499
_12001#$aТатарская АССР. Материалы по истории Татарии второй половины XIX века$vЧ. 1
_97272097
_cМосква
_d1936
_nИзд-во Академии наук СССР
_tТатарская АССР. Материалы по истории Татарии второй половины XIX века
_vЧ. 1
702 1 _4220
_7ca
_8rus
_aМорозов
_bИ. Л.
_cисторик
_9256804
_3RU\NLR\AUTH\770256860
702 1 _4340
_7ca
_8rus
_aВолгин
_bВ. П.
_cд-р ист. наук, обществ. деятель
_f1879-1962
_gВячеслав Петрович
_993697
_3RU\NLR\AUTH\77110772
801 0 _aRU
_bNLR
_gpsbo
801 1 _aRU
_bELAR
_2rusmarc
852 _aNLR
_j32-15/376(6)
942 _cBOOK
980 _aNB